000 00639nam a2200265Ia 4500
008 170203s9999 xx 000 0 und d
020 _a0-590251651
050 _aFic
050 _bM376
100 _aMartin, Ann M.
245 _aLogan likes Mary Anne! /
245 _cAnn M. Martin.
260 _aNew York :
260 _bScholastic,
260 _c©1988.
300 _a139 pages ;
300 _c20 cm.
440 _aThe Babysitters club.
440 _v#10.
500 _a"An Apple paperback."
650 _aBabysitters --
650 _aClubs --
650 _xJuvenile fiction.
650 _xJuvenile fiction.
999 _c306653
_d306653